BIBLIOTECA PODER JUDICIAL
Portal Judicial TDF

Letra de cambio, pagaré, cheque : (Registro nro. 1251)

000 -LEADER
fixed length control field 01163nam a2200325 4500
003 - CONTROL NUMBER IDENTIFIER
control field OSt
005 - DATE AND TIME OF LATEST TRANSACTION
control field 20180827082157.0
008 - FIXED-LENGTH DATA ELEMENTS--GENERAL INFORMATION
fixed length control field 180825b xxu||||| |||| 00| 0 spa d
020 ## - INTERNATIONAL STANDARD BOOK NUMBER
International Standard Book Number 9506790531
040 ## - CATALOGING SOURCE
Transcribing agency PJ
100 ## - ASIENTO PRINCIPAL - NOMBRE DE PERSONA
9 (RLIN) 1856
Personal name Donato, Jorge D.
245 10 - MENCIÓN DE TÍTULO
Título propiamente dicho Letra de cambio, pagaré, cheque :
Parte restante del título doctrina - jurisprudencia - legislación /
Mención de responsabilidad, etc Jorge D. Donato.
260 ## - PUBLICATION, DISTRIBUTION, ETC. (IMPRINT)
Place of publication, distribution, etc Buenos Aires :
Name of publisher, distributor, etc Universidad,
Date of publication, distribution, etc 1989.
300 ## - DESCRIPCION FISICA
Extent 388 p.
Dimensions 23 cm.
500 ## - NOTA GENERAL
General note Notas y citas a pie de página.
505 ## - FORMATTED CONTENTS NOTE
Formatted contents note Contenido:<br/>Decretos-leyes 5965/63 y 4776/63, reformado por ley 23.549.
650 #0 - ASIENTO SECUNDARIO DE MATERIA - TERMINO TEMATICO
9 (RLIN) 1602
Topical term or geographic name as entry element DERECHO COMERCIAL
650 #0 - ASIENTO SECUNDARIO DE MATERIA - TERMINO TEMATICO
9 (RLIN) 1831
Topical term or geographic name as entry element TITULOS DE CRÉDITO
650 #0 - ASIENTO SECUNDARIO DE MATERIA - TERMINO TEMATICO
9 (RLIN) 1832
Topical term or geographic name as entry element CHEQUE
650 #0 - ASIENTO SECUNDARIO DE MATERIA - TERMINO TEMATICO
9 (RLIN) 1858
Topical term or geographic name as entry element LETRA DE CAMBIO
650 #0 - ASIENTO SECUNDARIO DE MATERIA - TERMINO TEMATICO
9 (RLIN) 1859
Topical term or geographic name as entry element PAGARÉ
650 #0 - ASIENTO SECUNDARIO DE MATERIA - TERMINO TEMATICO
9 (RLIN) 1835
Topical term or geographic name as entry element LEY DE CHEQUES
653 ## - INDEX TERM--UNCONTROLLED
Uncontrolled term LEY 23.549
653 ## - INDEX TERM--UNCONTROLLED
Uncontrolled term DECRETO LEY 4776/63
653 ## - INDEX TERM--UNCONTROLLED
Uncontrolled term DECRETO LEY 5965/63
710 ## - ASIENTO SECUNDARIO - NOMBRE CORPORATIVO
9 (RLIN) 1839
Corporate name or jurisdiction name as entry element Argentina. Leyes, decretos, etc. Ley nº 23.549
710 ## - ASIENTO SECUNDARIO - NOMBRE CORPORATIVO
9 (RLIN) 1838
Corporate name or jurisdiction name as entry element Argentina. Leyes, decretos, etc. Decreto Ley 4776/63
710 ## - ASIENTO SECUNDARIO - NOMBRE CORPORATIVO
9 (RLIN) 1857
Corporate name or jurisdiction name as entry element Argentina. Leyes, decretos, etc. Decreto Ley 5965/63
942 ## - ADDED ENTRY ELEMENTS (KOHA)
Source of classification or shelving scheme
Koha item type Libros
Classification part 347.746/.748
Item part DON
Existencias
Withdrawn status Lost status Source of classification or shelving scheme Damaged status Not for loan Permanent Location Current Location Date acquired Full call number Barcode Date last seen Price effective from Koha item type
          Biblioteca Poder Judicial Sur Biblioteca Poder Judicial Sur 2018-08-27 347.746/.748 DON 1134 2018-08-27 2018-08-27 Libros

12 de Octubre 789 Ushuaia - Tel:  54(02901)441571
Horario de Atención: 8.00 a 17.00 hs. 
bibliotecaush@justierradelfuego.gov.ar
koha@justierradelfuego.gov.ar
Seguinos en nuestras redes @bibliojustdf 

Con tecnología Koha